000 01093nam a22002657a 4500
005 20170124102934.0
010 _aB-091610
020 _c100.00
_a8185139490
035 _aB-091610
037 _bCen Lib/Ret
040 _aDPL
_bHN
082 _a821
_bतिलक
100 _aतिलकराज
_946115
245 _aज़ख़्म खिलने को है :
_cतिलकराज
_bगज़ले व गीत /
246 _azakhm khilne ko hain : gazalen va geet /
_bby Tilak Raj
260 _aबिजनौर
_bहिन्दी साहित्य निकेतन
_c1999
270 _a१६, साहित्य विहार
_bबिजनौर
300 _a88पृ.
_c19सेमी (सजिल्द)
500 _aसन्दर्भ ग्रन्थ शामिल
650 _aहिन्दी साहित्य
_946116
650 _aग़ज़लें व गीत
_946117
650 _aHindi Literature
_946118
650 _aGazals and songs
_946119
942 _2ddc
_cHN
_h821
_mतिलक
999 _c112153
_d112153